NFL Offensive Players from the BIG 10 (2024) - Statistics

General Stats
  • This quiz has been taken 195 times
    132 since last reset
  • The average score is 39 of 122
Answer Stats
Answer % Correct
J.J. McCarthy
86%
Caleb Williams
83%
Isaiah Williams
81%
Justin Fields
80%
C.J. Stroud
79%
Michael Penix Jr.
79%
Garrett Wilson
77%
Roman Wilson
77%
Russell Wilson
77%
Justin Herbert
75%
George Kittle
70%
JuJu Smith-Schuster
69%
Saquon Barkley
68%
Amon-Ra St. Brown
65%
Bo Nix
64%
Marvin Harrison Jr.
64%
Chris Olave
63%
Blake Corum
60%
Marcus Mariota
60%
Sam LaPorta
59%
Juwan Johnson
58%
Theo Johnson
58%
Ty Johnson
58%
Tyler Johnson
58%
Jonathan Taylor
57%
Sam Darnold
57%
Kirk Cousins
54%
Rome Odunze
54%
Chase Brown
53%
Jaxon Smith-Njigba
53%
Noah Brown
53%
Pharaoh Brown
53%
Stefon Diggs
52%
Kenneth Walker III
48%
T.J. Hockenson
48%
Dorian Thompson-Robinson
44%
D.J. Moore
43%
Rondale Moore
43%
Erick All
42%
Ezekiel Elliott
42%
Noah Fant
42%
JK Dobbins
41%
Isiah Pacheco
40%
Terry McLaurin
40%
Charlie Jones
38%
Ja'Lynn Polk
36%
Allen Robinson II
35%
Chris Godwin
35%
Ian Thomas
33%
Jordan Addison
33%
Aidan O'Connell
32%
Braelon Allen
31%
Jahan Dotson
31%
Drake London
30%
Cade Stover
28%
Jalen McMillan
27%
Nico Collins
27%
Rashod Bateman
27%
David Bell
25%
Ronnie Bell
25%
Sean Clifford
25%
Zach Charbonnet
25%
Troy Franklin
23%
Mike Gesicki
22%
Miles Sanders
22%
Pat Freiermuth
22%
Casey Washington
21%
Parker Washington
21%
Tahj Washington
21%
Brenden Rice
20%
Bucky Irving
20%
Gus Edwards
20%
Hassan Haskins
20%
Jayden Reed
20%
K.J. Hamler
20%
Michael Pittman Jr.
20%
Brenton Strange
19%
Curtis Samuel
19%
JaQuae Jackson
19%
Jeremy Ruckert
19%
Jake Ferguson
17%
Tommy DeVito
17%
Trey Sermon
17%
Tyrone Tracy
16%
Cade Otton
14%
Jake Browning
14%
Luke Farrell
14%
Luke Schoonmaker
14%
A.J. Barner
12%
Trey Palmer
12%
Chig Okonkwo
10%
Chris Evans
10%
Ameer Abdullah
9%
Carson Steele
9%
Devin Culp
9%
Greg Dulcich
9%
Ko Kieft
9%
Marshawn Lloyd
9%
Nick Westbrook-Ikhine
9%
Robert Woods
9%
Will Dissly
9%
Bo Melton
7%
Brevyn Spann-Ford
6%
Ihmir Smith-Marsette
6%
Jalen Nailor
6%
Nelson Agholor
6%
Nick Vannett
6%
Payne Durham
6%
Jake Bobo
5%
Marcedes Lewis
5%
Raheem Mostert
5%
Tip Reiman
5%
Connor Heyward
4%
Drew Sample
4%
Rakim Jarrett
4%
Tyler Goodson
4%
Colson Yankoff
2%
Dare Ogunbowale
2%
Mitchell Tinsley
2%
Johnny Mundt
1%
Parker Hesse
1%
Travis Vokolek
1%
No matching quizzes found
Score Distribution
Percent of People with Each Score
Percentile by Number Answered
Your Score History
You have not taken this quiz since the last reset